Loading...

Listening to culture: constructing reality from everyday talk /

Bibliographic Details
Main Author: Nandita Chaudhary
Format: Printed Book
Published: New Delhi : Sage Publications , 2004.
Subjects:
LEADER 00571cam a2200145ua 4500
999 |c 33135  |d 33135 
020 |a 0761932003 
082 1 4 |a 306.440954  |b NAN-L 
100 1 |a Nandita Chaudhary . 
245 1 0 |a Listening to culture:   |b constructing reality from everyday talk /  
260 |a New Delhi :   |b Sage Publications ,   |c 2004. 
300 |a 235p ;  
650 0 |a Language and culture-India  |a Socialization-India  |a Children-India-Language 
942 |c BK 
952 |0 0  |1 0  |4 0  |6 306_440954000000000_NANL  |7 0  |9 42498  |a KU  |b KU  |d 2015-07-05  |g 495.00  |l 1  |o 306.440954 NAN-L  |p AN01916  |r 2020-01-20  |s 2020-01-15  |y BK